[Event "ICS rated blitz match"]
[Site "204.178.125.65"]
[Date "1999.10.31"]
[Round "?"]
[White "ljb"]
[Black "Hossa"]
[Result "0-1"]
[WhiteElo "2244"]
[BlackElo "2461"]
[PlyCount "128"]
[EventDate "1999.??.??"]

1. d4 d5 2. Nf3 c6 3. e3 Bg4 4. c4 Nf6 5. h3 Bxf3 6. Qxf3 e6 7. Nc3 Bb4 8. Bd2
Bxc3 9. Bxc3 Ne4 10. Rc1 Nxc3 11. Rxc3 Qb6 12. Qe2 Nd7 13. c5 Qa5 14. a3 Nf6
15. f3 O-O 16. Qd2 Nh5 17. g4 Ng3 18. Rg1 Nxf1 19. Kxf1 Rae8 20. f4 f6 21. b4
Qd8 22. Rg2 e5 23. Re2 Re7 24. Rc1 Rfe8 25. Rce1 Qb8 26. Kf2 b6 27. Kg3 bxc5
28. bxc5 Qb3 29. fxe5 fxe5 30. Kf2 Qxa3 31. Qb2 Qxb2 32. Rxb2 exd4 33. Ra2 Rf7+
34. Kg2 dxe3 35. Ra6 Rc7 36. Kf3 d4 37. Ke2 g5 38. Rd1 Re4 39. Ra4 d3+ 40. Rxd3
Rxa4 41. Rxe3 Kf8 42. Kf3 Re7 43. Rd3 Rc4 44. Rd8+ Kf7 45. Rh8 Ke6 46. Rb8 Rxc5
47. Rb3 Re5 48. Ra3 c5 49. Ra6+ Kd5 50. Ra1 Re3+ 51. Kf2 Rxh3 52. Rd1+ Kc4 53.
Rc1+ Kd4 54. Rd1+ Rd3 55. Ra1 Rd2+ 56. Kf1 Rf7+ 57. Ke1 Rg2 58. Ra4+ c4 59. Ra6
Rxg4 60. Rd6+ Ke3 61. Re6+ Kd3 62. Rd6+ Rd4 63. Rh6 Re4+ 64. Kd1 64... Rf1# {
ljb checkmated} 0-1

[Event "ICS rated blitz match"]
[Site "204.178.125.65"]
[Date "1999.10.31"]
[Round "?"]
[White "ljb"]
[Black "Hossa"]
[Result "1/2-1/2"]
[WhiteElo "2230"]
[BlackElo "2475"]
[PlyCount "86"]
[EventDate "1999.??.??"]

1. d4 d5 2. c4 e6 3. Nf3 c6 4. Nc3 Nf6 5. Bg5 h6 6. Bxf6 Qxf6 7. e3 Nd7 8. Be2
Qd8 9. O-O Bb4 10. Qb3 Ba5 11. c5 O-O 12. Qc2 Re8 13. a3 e5 14. b4 Bc7 15. g3
e4 16. Nd2 Nf6 17. Rfb1 Bh3 18. b5 Rb8 19. a4 Qd7 20. a5 Ng4 21. b6 axb6 22.
cxb6 Bd6 23. Na4 Qf5 24. Bxg4 Qxg4 25. Nc5 Bxc5 26. Qxc5 Qe2 27. Qc2 Qa6 28.
Nb3 Rbd8 29. Nc5 Qa8 30. a6 bxa6 31. Rxa6 Qc8 32. b7 Qf5 33. Qe2 Rb8 34. Rba1
Bg4 35. Qf1 Bh3 36. Qe2 Bg4 37. Qe1 Bh3 38. Qd1 Bg4 39. Qe1 Bh3 40. Qe2 Bg4 41.
Qf1 Bh3 42. Qd1 Bg4 43. Qe1 43... Bh3 {Game drawn by repetition} 1/2-1/2

[Event "ICS rated blitz match"]
[Site "204.178.125.65"]
[Date "1999.10.31"]
[Round "?"]
[White "Hossa"]
[Black "ljb"]
[Result "1-0"]
[WhiteElo "2465"]
[BlackElo "2240"]
[PlyCount "67"]
[EventDate "1999.??.??"]

1. d4 e6 2. Nf3 d5 3. e3 c5 4. Bd3 Nf6 5. c4 Be7 6. Nc3 dxc4 7. Bxc4 cxd4 8.
exd4 O-O 9. O-O Bd7 10. Re1 Bc6 11. Ne5 Bd5 12. Nxd5 Nxd5 13. Bd2 Bf6 14. Qh5
Bxe5 15. dxe5 Nc6 16. Rad1 Nce7 17. Bg5 Qb6 18. Bxe7 Nxe7 19. Re2 Ng6 20. Bd3
Rfd8 21. Red2 Rd5 22. Bxg6 hxg6 23. Qf3 Rxd2 24. Rxd2 Rc8 25. h3 a6 26. Rd7 Rf8
27. Qxb7 Qa5 28. g3 Qxa2 29. Kg2 Qa5 30. f4 Qa4 31. Kf3 a5 32. b3 Qa1 33. Kg4
Qd1+ 34. Rxd1 {ljb resigns} 1-0

[Event "ICS rated blitz match"]
[Site "204.178.125.65"]
[Date "1999.10.31"]
[Round "?"]
[White "k64"]
[Black "Hossa"]
[Result "0-1"]
[WhiteElo "2095"]
[BlackElo "2475"]
[PlyCount "52"]
[EventDate "1999.??.??"]

1. e4 e5 2. Nf3 Nc6 3. Bb5 d6 4. d4 exd4 5. Qxd4 a6 6. Bxc6+ bxc6 7. Bg5 Ne7 8.
Nc3 f6 9. Bf4 Be6 10. O-O-O Kf7 11. Rhe1 Rb8 12. h3 Ng6 13. Be3 Ne5 14. Nxe5+
fxe5 15. Qd2 Be7 16. f4 exf4 17. Bxf4 Rf8 18. e5 d5 19. Ne2 c5 20. c4 d4 21. g4
Bxc4 22. Kb1 Qd5 23. a3 Kg8 24. Ka1 Qf3 25. Bh2 Qxh3 26. Nf4 26... Qb3 {
k64 resigns} 0-1

[Event "ICS rated blitz match"]
[Site "204.178.125.65"]
[Date "1999.10.31"]
[Round "?"]
[White "Hossa"]
[Black "k64"]
[Result "1-0"]
[WhiteElo "2478"]
[BlackElo "2092"]
[PlyCount "55"]
[EventDate "1999.??.??"]

1. d4 Nf6 2. Bg5 g6 3. c4 Bg7 4. Nc3 O-O 5. e4 d6 6. Nf3 c5 7. dxc5 Qa5 8. Bd3
Qxc5 9. O-O Bg4 10. Nd5 Nc6 11. Rb1 Nxd5 12. cxd5 Ne5 13. Bxe7 Rfe8 14. Bg5
Nxf3+ 15. gxf3 Bh5 16. Be2 Qc8 17. Qb3 Qh3 18. Rbe1 h6 19. Bf4 f5 20. Bxd6 Rad8
21. Bg3 Kh8 22. Qxb7 g5 23. Bc7 Rd7 24. Rc1 Rxc7 25. Rxc7 Be5 26. Rh7+ Kg8 27.
f4 Bxe2 28. Qf7# {k64 checkmated} 1-0

[Event "ICS rated blitz match"]
[Site "204.178.125.65"]
[Date "1999.10.31"]
[Round "?"]
[White "Botman"]
[Black "Hossa"]
[Result "1-0"]
[WhiteElo "2638"]
[BlackElo "2496"]
[PlyCount "72"]
[EventDate "1999.??.??"]

1. e4 e5 2. Nf3 Nc6 3. Bb5 d6 4. d4 exd4 5. Nxd4 Bd7 6. Nc3 Nf6 7. O-O Be7 8.
Bxc6 bxc6 9. Qf3 O-O 10. e5 dxe5 11. Nxc6 Bxc6 12. Qxc6 Qd6 13. Qf3 Rfd8 14.
Re1 Nd5 15. Nxd5 Qxd5 16. Qxd5 Rxd5 17. Kf1 Bb4 18. c3 Bd6 19. Be3 e4 20. Ke2
a5 21. Rad1 Rxd1 22. Rxd1 a4 23. Rd5 a3 24. b4 Be7 25. Ra5 Rxa5 26. bxa5 f5 27.
a6 f4 28. Bxf4 Bc5 29. Be3 Bd6 30. a7 Kf7 31. a8=Q h6 32. Qd5+ Ke7 33. Qxe4+
Kf8 34. Qf5+ Kg8 35. Bd4 h5 36. Qd7 36... Bf8 {Hossa resigns} 1-0

[Event "ICS rated blitz match"]
[Site "204.178.125.65"]
[Date "1999.10.31"]
[Round "?"]
[White "Hossa"]
[Black "BugChess"]
[Result "1/2-1/2"]
[WhiteElo "2477"]
[BlackElo "2303"]
[PlyCount "99"]
[EventDate "1999.??.??"]

1. d4 Nf6 2. c4 g6 3. Nc3 d5 4. cxd5 Nxd5 5. e4 Nxc3 6. bxc3 Bg7 7. Nf3 c5 8.
Bb5+ Nc6 9. O-O cxd4 10. cxd4 O-O 11. Bb2 Bg4 12. Bxc6 bxc6 13. Rc1 Qa5 14. a4
Bxf3 15. gxf3 Rab8 16. Ba1 Qg5+ 17. Kh1 Rfc8 18. Rg1 Qh4 19. Rc2 Rd8 20. Rxc6
Qxf2 21. Rf1 Qa2 22. d5 Bxa1 23. Qxa1 Qxa1 24. Rxa1 Rd7 25. Rac1 Rdb7 26. Rc7
Kf8 27. e5 Rxc7 28. Rxc7 Rd8 29. d6 exd6 30. exd6 a5 31. Ra7 Rxd6 32. Rxa5 Ke8
33. Ra7 Rd7 34. Ra8+ Rd8 35. Ra6 Ke7 36. Kg2 Rd6 37. Ra7+ Rd7 38. Ra8 Rd8 39.
Rxd8 Kxd8 40. Kg3 Kc7 41. Kg4 f6 42. f4 Kb6 43. f5 Ka5 44. h4 Kxa4 45. fxg6
hxg6 46. h5 f5+ 47. Kg5 gxh5 48. Kxf5 Kb4 49. Kg5 h4 50. Kxh4 {
Game drawn because neither player has mating material} 1/2-1/2

[Event "ICS rated blitz match"]
[Site "204.178.125.65"]
[Date "1999.10.31"]
[Round "?"]
[White "Hossa"]
[Black "BugChess"]
[Result "1-0"]
[WhiteElo "2470"]
[BlackElo "2339"]
[PlyCount "177"]
[EventDate "1999.??.??"]

1. d4 Nf6 2. c4 e6 3. Nc3 d5 4. Bg5 Be7 5. e3 c6 6. Nf3 O-O 7. Bd3 dxc4 8. Bxc4
Nbd7 9. O-O b5 10. Bd3 a6 11. Qc2 h6 12. Bxf6 Nxf6 13. Ne4 Bb7 14. Ne5 Rc8 15.
Nc5 Bxc5 16. Qxc5 Re8 17. e4 Ra8 18. Rac1 Nd7 19. Nxd7 Qxd7 20. Rfd1 Qd8 21. f4
Qf6 22. g3 Qd8 23. Bf1 Qa5 24. a3 Rac8 25. Bg2 Qd8 26. Qa7 Qd7 27. Bh3 Rcd8 28.
Rc5 Qc7 29. Rh5 Rc8 30. Rc1 Ra8 31. Qc5 Qa5 32. Rc3 Rad8 33. Bg4 Rd7 34. b4 Qd8
35. Rd3 a5 36. Re5 axb4 37. axb4 Qa8 38. f5 exf5 39. Ra3 fxg4 40. Rxa8 Rxa8 41.
Re7 Ra1+ 42. Kf2 Rxe7 43. Qxe7 Ra2+ 44. Ke3 Ra3+ 45. Kf4 Ba8 46. Kxg4 g6 47. d5
cxd5 48. exd5 Ra2 49. Qe8+ Kg7 50. h4 h5+ 51. Kf4 Ra6 52. d6 Ra3 53. d7 Rf3+
54. Ke5 Bc6 55. Kd6 Bxd7 56. Kxd7 Rf5 57. Qe7 Rd5+ 58. Kc7 Rf5 59. Kc6 g5 60.
hxg5 Kg6 61. Qe4 Kxg5 62. Kb6 Kf6 63. Qe8 Rg5 64. Qc6+ Ke7 65. Kc7 f6 66. Qd7+
Kf8 67. Kc6 Re5 68. Qh7 Rg5 69. Kd6 Rxg3 70. Qh8+ Kf7 71. Qxh5+ Kg7 72. Qxb5
Rg5 73. Qd7+ Kg6 74. Qe6 Kg7 75. b5 Rg1 76. Ke7 Kh7 77. Qf7+ Rg7 78. Qxg7+ Kxg7
79. b6 Kg6 80. b7 Kg5 81. b8=Q Kf5 82. Qd6 Ke4 83. Kxf6 Ke3 84. Ke5 Kf3 85. Qd2
Kg3 86. Qe2 Kh4 87. Qg2 Kh5 88. Kf5 Kh6 89. Qg6# {BugChess checkmated} 1-0

[Event "ICS rated blitz match"]
[Site "204.178.125.65"]
[Date "1999.10.31"]
[Round "?"]
[White "Hossa"]
[Black "ljb"]
[Result "1-0"]
[WhiteElo "2486"]
[BlackElo "2205"]
[PlyCount "32"]
[EventDate "1999.??.??"]

1. d4 e6 2. Nf3 Nf6 3. g3 d5 4. Bg2 c5 5. O-O Nc6 6. c3 c4 7. b3 Na5 8. Nbd2 b5
9. Ne5 Bd6 10. bxc4 bxc4 11. Qa4+ Bd7 12. Nxd7 Nxd7 13. e4 dxe4 14. Nxe4 Be7
15. Nc5 Bxc5 16. Bxa8 16... Bb6 {ljb resigns} 1-0

[Event "ICS rated blitz match"]
[Site "204.178.125.65"]
[Date "1999.10.31"]
[Round "?"]
[White "ljb"]
[Black "Hossa"]
[Result "0-1"]
[WhiteElo "2200"]
[BlackElo "2491"]
[PlyCount "84"]
[EventDate "1999.??.??"]

1. d4 Nf6 2. Nc3 d5 3. Bg5 Nbd7 4. e3 e6 5. Nf3 c5 6. Be2 Be7 7. O-O O-O 8. Re1
a6 9. Bxf6 Nxf6 10. Ne5 Nd7 11. Nf3 b6 12. Qd2 Bb7 13. Nd1 Qc7 14. c3 e5 15.
Rc1 e4 16. Ne5 Nxe5 17. dxe5 Qxe5 18. Bf1 Bf6 19. g3 Rad8 20. Bg2 Qf5 21. Qc2
Qg4 22. Qb3 Rd6 23. Qc2 Rfd8 24. a4 a5 25. b3 Be5 26. Nb2 Qg5 27. Rcd1 Ba6 28.
Rd2 Qf6 29. Rc1 Bb7 30. Nd1 Qf5 31. Nb2 Qg4 32. Rcd1 R6d7 33. Nc4 dxc4 34. bxc4
Qxd1+ 35. Rxd1 Rxd1+ 36. Bf1 R8d6 37. Kg2 R1d2 38. Qb3 Rf6 39. Qb5 Rdxf2+ 40.
Kh3 Rh6+ 41. Kg4 f5+ 42. Kg5 42... Bf6# {ljb checkmated} 0-1

[Event "ICS rated blitz match"]
[Site "204.178.125.65"]
[Date "1999.10.31"]
[Round "?"]
[White "k64"]
[Black "Hossa"]
[Result "0-1"]
[WhiteElo "2103"]
[BlackElo "2499"]
[PlyCount "88"]
[EventDate "1999.??.??"]

1. e4 c5 2. Nf3 d6 3. d4 cxd4 4. c3 dxc3 5. Nxc3 Nc6 6. Bc4 Nf6 7. O-O e6 8.
Qe2 Be7 9. Rd1 O-O 10. e5 Ne8 11. exd6 Bxd6 12. Bf4 Qe7 13. Bxd6 Nxd6 14. Bd3
Nb4 15. Bb1 Rd8 16. a3 Nc6 17. b4 Qf6 18. Qc2 Nf5 19. Rxd8+ Nxd8 20. Ba2 Nc6
21. Rd1 Nfd4 22. Nxd4 Nxd4 23. Qe4 Nf5 24. Nd5 Qd8 25. Ne3 Qf8 26. Nxf5 exf5
27. Qe5 Be6 28. Bxe6 Re8 29. Rd6 Kh8 30. h3 Rxe6 31. Rxe6 fxe6 32. Qxe6 f4 33.
Kh2 b5 34. Qd7 Qb8 35. f3 Kg8 36. h4 g6 37. Kh3 h5 38. Kh2 Qb6 39. g4 Qf2+ 40.
Kh1 Qxf3+ 41. Kh2 Qg3+ 42. Kh1 Qxh4+ 43. Kg2 Qxg4+ 44. Qxg4 44... hxg4 {
k64 resigns} 0-1

[Event "ICS rated blitz match"]
[Site "204.178.125.65"]
[Date "1999.10.31"]
[Round "?"]
[White "k64"]
[Black "Hossa"]
[Result "0-1"]
[WhiteElo "2132"]
[BlackElo "2505"]
[PlyCount "58"]
[EventDate "1999.??.??"]

1. d4 Nf6 2. Nf3 g6 3. g3 Bg7 4. Bg2 O-O 5. O-O d5 6. Ne5 Nc6 7. f4 Bf5 8. h3
Be4 9. Bf3 e6 10. Be3 Nb4 11. Na3 Bxf3 12. exf3 Qe7 13. c3 Nc6 14. Nc2 Rab8 15.
Qd2 Nd7 16. Kg2 Ndxe5 17. fxe5 f6 18. exf6 Qxf6 19. Bg5 Qf5 20. g4 Qf7 21. Rae1
e5 22. dxe5 Nxe5 23. f4 Nc4 24. Qc1 Rbe8 25. f5 Rxe1 26. Nxe1 Nd6 27. Nd3 gxf5
28. gxf5 Nxf5 29. Nf4 29... h6 {k64 resigns} 0-1

[Event "ICS rated blitz match"]
[Site "204.178.125.65"]
[Date "1999.10.31"]
[Round "?"]
[White "lambChop"]
[Black "Hossa"]
[Result "0-1"]
[WhiteElo "2517"]
[BlackElo "2508"]
[PlyCount "148"]
[EventDate "1999.??.??"]

1. e4 c5 2. c3 d5 3. exd5 Qxd5 4. d4 Nf6 5. Nf3 e6 6. Na3 Nc6 7. Nb5 Qd8 8.
dxc5 Bxc5 9. Qxd8+ Kxd8 10. Bg5 Bd7 11. b4 Be7 12. Rd1 Kc8 13. Bxf6 gxf6 14.
Bc4 Rg8 15. Kf1 a5 16. a3 Rg4 17. Be2 axb4 18. cxb4 Rg6 19. Bd3 f5 20. h4 e5
21. Bc4 e4 22. h5 Rh6 23. Nfd4 Nxd4 24. Nxd4 Rxa3 25. Bxf7 Bxb4 26. Nc2 Ba4 27.
Nxa3 Bxd1 28. Nb5 Ra6 29. Kg1 Ba4 30. Bc4 f4 31. Nd4 Rd6 32. Nf5 Rd1+ 33. Kh2
Rxh1+ 34. Kxh1 Bd7 35. g4 Bc5 36. Kg2 Bc6 37. Kf1 Bf8 38. Bg8 h6 39. Bc4 Kc7
40. Nd4 Bd7 41. Ne6+ Bxe6 42. Bxe6 Be7 43. Bf5 e3 44. fxe3 fxe3 45. Ke2 Bg5 46.
Bd3 Kd6 47. Kf3 Ke5 48. Bc4 Kd4 49. Be2 Kc3 50. Ke4 Kd2 51. Kf3 b6 52. Bb5 Be7
53. Bf1 Bf6 54. Bb5 Bg5 55. Be2 Kc2 56. Ke4 Kc1 57. Bb5 Kd1 58. Kf3 Kc2 59. Ke4
Kb3 60. Kd4 Kb4 61. Be2 b5 62. Bd3 Ka4 63. Bc2+ Ka3 64. Kd3 b4 65. Ke2 b3 66.
Be4 Kb2 67. Kf1 Kc1 68. Ke2 b2 69. Bf5 b1=Q 70. Bxb1 Kxb1 71. Kd1 Kb2 72. Ke1
Kc1 73. Ke2 Kc2 74. Kf3 74... Kd3 {lambChop resigns} 0-1

[Event "ICS rated blitz match"]
[Site "204.178.125.65"]
[Date "1999.10.31"]
[Round "?"]
[White "Hossa"]
[Black "lambChop"]
[Result "1-0"]
[WhiteElo "2524"]
[BlackElo "2501"]
[PlyCount "159"]
[EventDate "1999.??.??"]

1. d4 Nf6 2. c4 e6 3. Nc3 Bb4 4. Qc2 O-O 5. a3 Bxc3+ 6. Qxc3 Ne4 7. Qc2 f5 8.
Bf4 d6 9. Nf3 Bd7 10. e3 c5 11. Bd3 Qa5+ 12. Nd2 Bc6 13. f3 g5 14. Bg3 Ba4 15.
Qc1 Nxg3 16. hxg3 cxd4 17. exd4 Nc6 18. Qc3 Qxc3 19. bxc3 e5 20. d5 Ne7 21. Rb1
b6 22. Rh6 Rad8 23. g4 Kg7 24. Rh2 Bd7 25. Ke2 Ng6 26. Rbh1 Nf4+ 27. Ke3 h6 28.
Bxf5 Bxf5 29. gxf5 Rxf5 30. g3 Ng6 31. Rxh6 Nh4 32. Re6 Ng6 33. g4 Rf4 34. Rh5
Rf6 35. Rxf6 Kxf6 36. Ne4+ Kg7 37. Rxg5 Rd7 38. a4 Kf7 39. Rh5 Kg7 40. g5 Ne7
41. f4 Nf5+ 42. Kf3 exf4 43. Kxf4 Kg6 44. Rh8 Kg7 45. Nf6 Kxh8 46. Nxd7 Ne7 47.
Kg4 Kh7 48. Nf6+ Kg6 49. Ne8 Nc8 50. Kh4 Kf7 51. Nc7 Ne7 52. Kg3 Kg6 53. Kf4
Nf5 54. Nb5 a5 55. Nd4 Ne7 56. Kg4 Nc8 57. Nf5 Kf7 58. Kh5 Kg8 59. g6 b5 60.
Kh6 bxa4 61. g7 Kf7 62. Kh7 Ne7 63. Nxe7 Kxe7 64. g8=Q Kd7 65. Qa8 Kc7 66.
Qxa5+ Kb7 67. c5 dxc5 68. Qxa4 Kc7 69. Qd7+ Kxd7 70. c4 Kd6 71. Kg8 Kc7 72. Kg7
Kd8 73. Kf6 Kd7 74. Kf7 Kd6 75. Ke8 Ke5 76. Ke7 Kd4 77. d6 Kxc4 78. d7 Kb3 79.
d8=Q c4 80. Qd5 {lambChop resigns} 1-0

[Event "ICS rated blitz match"]
[Site "204.178.125.65"]
[Date "1999.10.31"]
[Round "?"]
[White "lambChop"]
[Black "Hossa"]
[Result "1-0"]
[WhiteElo "2486"]
[BlackElo "2539"]
[PlyCount "195"]
[EventDate "1999.??.??"]

1. e4 c5 2. Nf3 d6 3. d4 cxd4 4. Nxd4 Nf6 5. Nc3 e5 6. Nf3 Be7 7. Bc4 O-O 8.
Ng5 Nbd7 9. Be3 Nb6 10. Bb3 Ng4 11. Nxf7 Rxf7 12. Qf3 Nf6 13. Bxf7+ Kxf7 14.
O-O Nc4 15. Bc1 Kg8 16. b3 Bg4 17. Qg3 Nb6 18. h3 Bh5 19. f4 Qc7 20. fxe5 dxe5
21. Bg5 Bc5+ 22. Kh1 Bb4 23. Bxf6 Bxc3 24. Bxg7 Bg6 25. Bh6 Bxa1 26. Rxa1 Kh8
27. Qh4 Qd8 28. Bg5 Qc8 29. Bf6+ Kg8 30. Bxe5 Qe6 31. Qg3 Nd7 32. Bb2 Rc8 33.
c4 Nf6 34. Qc3 Rf8 35. Rf1 Bxe4 36. Kg1 Kg7 37. Qg3+ Bg6 38. Qc7+ Kg8 39. Bxf6
Rxf6 40. Rxf6 Qxf6 41. Qc8+ Kg7 42. Qxb7+ Qf7 43. Qb8 Qe7 44. Qg3 Qc5+ 45. Kh2
a5 46. Kh1 Qf5 47. Qc7+ Kf6 48. Qd6+ Kg5 49. Qd8+ Kh6 50. Qd2+ Qg5 51. Qd6 Qf5
52. Kh2 Qf2 53. a3 Qb2 54. Qf8+ Kh5 55. Qc5+ Kh6 56. Qe3+ Kh5 57. b4 Bf7 58. b5
Kg6 59. b6 Bxc4 60. Qe4+ Kg7 61. Qxc4 Qe5+ 62. Kg1 Qe3+ 63. Kf1 Qxb6 64. Qg4+
Qg6 65. Qd7+ Kh6 66. Qd2+ Qg5 67. Ke2 Kg6 68. Qxg5+ Kxg5 69. Kf3 a4 70. g3 Kf5
71. g4+ Kf6 72. Kf4 Kg6 73. h4 Kf6 74. Ke4 Ke6 75. g5 Kf7 76. h5 Ke6 77. Kf4
Kf7 78. Kf5 Kg7 79. Ke5 Kf7 80. Kd6 Kf8 81. Kd5 Kf7 82. Ke5 Kf8 83. Kd4 Kg7 84.
Kc4 Kf7 85. Kb4 Ke6 86. Kxa4 Kf5 87. Kb3 Kg4 88. g6 h6 89. g7 Kf4 90. g8=Q Ke4
91. Qe6+ Kf4 92. Qxh6+ Ke5 93. Qg5+ Ke4 94. Kc3 Kf3 95. Kd3 Kf2 96. Qg4 Kf1 97.
Ke3 Ke1 98. Qg1# {Hossa checkmated} 1-0

[Event "ICS rated blitz match"]
[Site "204.178.125.65"]
[Date "1999.10.31"]
[Round "?"]
[White "Hossa"]
[Black "ALIAS"]
[Result "1-0"]
[WhiteElo "2521"]
[BlackElo "2369"]
[PlyCount "51"]
[EventDate "1999.??.??"]

1. e4 d5 2. Nc3 d4 3. Nce2 e5 4. Nf3 Nc6 5. Ng3 a6 6. Bc4 Be7 7. c3 Nf6 8. cxd4
exd4 9. O-O O-O 10. Bb3 Bg4 11. d3 Ne5 12. Bg5 Nfd7 13. Bxe7 Qxe7 14. Nf5 Bxf5
15. exf5 Qd6 16. Nxe5 Nxe5 17. Rc1 c5 18. f4 Nc6 19. Re1 b5 20. f6 Qxf6 21.
Rxc5 Na5 22. Bd5 Rac8 23. Qc2 Rxc5 24. Qxc5 Qxf4 25. b4 Qd2 26. Bxf7+ {
ALIAS resigns} 1-0

[Event "ICS rated blitz match"]
[Site "204.178.125.65"]
[Date "1999.10.31"]
[Round "?"]
[White "Hossa"]
[Black "chessman91"]
[Result "1-0"]
[WhiteElo "2530"]
[BlackElo "1845"]
[PlyCount "109"]
[EventDate "1999.??.??"]

1. e4 Nf6 2. Nc3 b6 3. e5 Ng8 4. Nf3 Bb7 5. d4 g6 6. Bc4 Bg7 7. Bg5 f6 8. Bf4
e6 9. exf6 Bxf6 10. Nb5 d6 11. Bxe6 Nd7 12. Bxd6 cxd6 13. Nxd6+ Ke7 14. Nxb7
Qc7 15. Bd5 Re8 16. O-O Kf8 17. Qd3 Ne7 18. Be4 Kg7 19. Qa6 Nc8 20. Bd5 Re7 21.
c3 Rhe8 22. Rae1 Nb8 23. Qb5 Nd6 24. Nxd6 Qxd6 25. Rxe7+ Rxe7 26. Re1 Rxe1+ 27.
Nxe1 Nd7 28. Qc6 Qxc6 29. Bxc6 Nb8 30. d5 Bg5 31. c4 Nxc6 32. dxc6 Bd8 33. b4
Kf6 34. b5 Ke5 35. Nf3+ Kd6 36. Nd4 Bf6 37. Nc2 a6 38. bxa6 Kxc6 39. Nb4+ Kc7
40. Nd5+ Kb8 41. Nxf6 Ka7 42. Nxh7 Kxa6 43. f4 Ka5 44. g4 Kb4 45. f5 gxf5 46.
gxf5 Kxc4 47. f6 Kc3 48. f7 Kb2 49. f8=Q Kxa2 50. Qb4 Ka1 51. Qxb6 Ka2 52. Nf6
Ka3 53. Ne4 Ka4 54. Nc5+ Ka3 55. Qb3# {chessman91 checkmated} 1-0

[Event "ICS rated blitz match"]
[Site "204.178.125.65"]
[Date "1999.10.31"]
[Round "?"]
[White "MissSilicon"]
[Black "Hossa"]
[Result "1-0"]
[WhiteElo "2730"]
[BlackElo "2531"]
[PlyCount "54"]
[EventDate "1999.??.??"]

1. d4 Nf6 2. c4 g6 3. Nc3 d5 4. Bf4 dxc4 5. e4 Nc6 6. Bxc4 Bg4 7. Qb3 Nxd4 8.
Bxf7+ Kd7 9. Qa4+ Kc8 10. Rc1 g5 11. Bxg5 Nc6 12. Nf3 Bg7 13. Bxf6 exf6 14. O-O
Bh6 15. Rcd1 Qe7 16. Qb3 Ne5 17. Nd5 Qxf7 18. Nxe5 fxe5 19. Nb6+ axb6 20. Qxf7
Bxd1 21. Rxd1 Kb8 22. Qf6 Re8 23. Qxh6 Rxa2 24. b3 b5 25. Qxh7 Rb2 26. Qd7 Rf8
27. Rc1 27... Rc8 {Hossa resigns} 1-0

[Event "ICS rated blitz match"]
[Site "204.178.125.65"]
[Date "1999.10.31"]
[Round "?"]
[White "PostModernist"]
[Black "Hossa"]
[Result "1-0"]
[WhiteElo "2646"]
[BlackElo "2523"]
[PlyCount "89"]
[EventDate "1999.??.??"]

1. e4 c5 2. Nf3 d6 3. d4 cxd4 4. Nxd4 Nf6 5. Nc3 g6 6. Be3 Bg7 7. f3 O-O 8. Qd2
Nc6 9. O-O-O d5 10. h4 Nxd4 11. Qxd4 Nxe4 12. Qxd5 Nd6 13. Qd2 Be6 14. h5 Nf5
15. Qe1 Qa5 16. hxg6 fxg6 17. Bd2 Bxa2 18. Nb5 Qa4 19. Nc3 Qb4 20. g4 Nd6 21.
Qh4 h5 22. Qg5 Bf7 23. gxh5 Bf6 24. Qg2 Qa5 25. Nb1 Qa1 26. c3 Rad8 27. Bd3 Nc4
28. Bxc4 Bxc4 29. Qxg6+ Kh8 30. Qh6+ Kg8 31. Rhg1+ Kf7 32. Qg6+ Ke6 33. Qg4+
Kf7 34. Qxc4+ Ke8 35. Rg8 Qa5 36. Rxf8+ Kxf8 37. Bh6+ Bg7 38. Qf4+ Kg8 39. Rg1
Qxh5 40. Bxg7 Qg6 41. Rxg6 Rd6 42. Qf8+ Kh7 43. Rg1 Rd8 44. Qf5+ Kg8 45. Bd4# {
Hossa checkmated} 1-0

[Event "ICS rated blitz match"]
[Site "204.178.125.65"]
[Date "1999.10.31"]
[Round "?"]
[White "Hossa"]
[Black "FREDTHEMATE"]
[Result "1-0"]
[WhiteElo "2512"]
[BlackElo "2120"]
[PlyCount "42"]
[EventDate "1999.??.??"]

1. e4 c5 2. Nf3 d6 3. d4 cxd4 4. Nxd4 Nf6 5. Nc3 a6 6. Be2 e5 7. Nb3 Be7 8. O-O
O-O 9. Be3 Be6 10. Bf3 Nc6 11. Qd2 Rc8 12. Rad1 Qc7 13. Bg5 Bxb3 14. cxb3 Nd4
15. Bxf6 Bxf6 16. Bg4 Rb8 17. Nd5 Qd8 18. Rc1 Ne6 19. Bxe6 fxe6 20. Nxf6+ Rxf6
21. Rcd1 21... Qa5 {FREDTHEMATE resigns} 1-0

[Event "ICS rated blitz match"]
[Site "204.178.125.65"]
[Date "1999.10.31"]
[Round "?"]
[White "FREDTHEMATE"]
[Black "Hossa"]
[Result "0-1"]
[WhiteElo "2117"]
[BlackElo "2515"]
[PlyCount "80"]
[EventDate "1999.??.??"]

1. d4 Nf6 2. Bg5 e6 3. e4 h6 4. Bxf6 Qxf6 5. Nc3 Qd8 6. Qd2 d5 7. O-O-O Nc6 8.
exd5 exd5 9. Re1+ Be7 10. Nf3 O-O 11. Kb1 Re8 12. Bb5 a6 13. Ba4 b5 14. Bb3 Be6
15. a3 b4 16. axb4 Nxb4 17. Ne5 c6 18. h3 Bg5 19. f4 Bh4 20. Re2 a5 21. g4 Qd6
22. Nf3 Be7 23. f5 Bc8 24. Rhe1 a4 25. Nxa4 Na6 26. Re5 f6 27. R5e3 Ra7 28. Qe2
Qd8 29. h4 h5 30. Qg2 Kh8 31. Rg1 Rg8 32. Nh2 Bd6 33. Rf3 Qc7 34. Nf1 Re8 35.
Re3 Qd8 36. Rxe8+ Qxe8 37. gxh5 Qe1+ 38. Ka2 Nb4+ 39. Ka3 Nxc2+ 40. Ka2 40...
Qa1# {FREDTHEMATE checkmated} 0-1

[Event "ICS rated blitz match"]
[Site "204.178.125.65"]
[Date "1999.10.31"]
[Round "?"]
[White "Hossa"]
[Black "FREDTHEMATE"]
[Result "1-0"]
[WhiteElo "2518"]
[BlackElo "2114"]
[PlyCount "43"]
[EventDate "1999.??.??"]

1. e4 c5 2. Nf3 d6 3. d4 cxd4 4. Nxd4 Nf6 5. Nc3 a6 6. Be2 e5 7. Nb3 Be7 8. O-O
O-O 9. Be3 Be6 10. Bf3 Nc6 11. Qd2 Qc7 12. Bg5 Rfd8 13. Rad1 Bxb3 14. cxb3 Nd4
15. Bxf6 Nxf3+ 16. gxf3 gxf6 17. Nd5 Qd7 18. Qh6 Qe6 19. Nc7 Qd7 20. Kh1 Rac8
21. Rg1+ Kh8 22. Qg7# {FREDTHEMATE checkmated} 1-0

[Event "ICS rated blitz match"]
[Site "204.178.125.65"]
[Date "1999.10.31"]
[Round "?"]
[White "FREDTHEMATE"]
[Black "Hossa"]
[Result "0-1"]
[WhiteElo "2111"]
[BlackElo "2521"]
[Annotator "Hiarcs 7.32 (22s)"]
[PlyCount "40"]
[EventDate "1999.??.??"]

1. d4 Nf6 2. c4 c5 3. d5 b5 4. cxb5 a6 5. bxa6 g6 6. Nc3 Bxa6 7. e4 Bxf1 8.
Kxf1 d6 9. g3 Bg7 10. Kg2 O-O 11. Nge2 Na6 12. a3 $14 (12. Rb1 Qd7 13. b3 Nc7
14. f3 Rfb8 15. Qc2 Nb5 16. Nxb5 Qxb5 17. a4 Qa6 18. Nc3 c4 19. b4 Nd7 20. a5
Ne5 21. Bd2 Nd3 22. Na4 Bd4 23. b5 Rxb5 24. Rxb5 Qxb5 25. Rb1 Qa6 26. Nb6 Rb8
27. Bh6 Bxb6 28. Rxb6 Rxb6 29. axb6 {
0-1 Goldin,A-Bareev,E/URS-FL Irkutsk 1986/TD 86\01 (29)}) (12. Bg5 12... Ng4
$16) 12... Rb8 13. Qc2 Nc7 14. f3 e6 15. Rd1 $14 (15. dxe6 fxe6 16. Rd1 16...
Nfe8 $16) 15... exd5 16. exd5 Re8 17. Bg5 (17. Ra2 17... h6 $11) 17... h6 $14 (
17... Ncxd5 $5 {kommt in Betracht} 18. Rab1 h6 19. Nxd5 19... hxg5 $11) 18. Bc1
$11 (18. Bxf6 Qxf6 19. Rac1 19... Re3 $14) 18... Re5 {Wird der Isolani fallen?}
19. Bf4 $15 (19. Nf4 $5 $14 {muss unbedingt geprueft werden}) 19... Nfxd5 20.
Bxe5 $4 $19 (20. Qd2 Re8 21. h4 $17) 20... Ne3+ (20... Ne3+ 21. Kf2 21... Nxc2
$19) 0-1